<?xml version="1.0" encoding="UTF-8"?>
<record
    xmlns:xsi="http://www.w3.org/2001/XMLSchema-instance"
    xsi:schemaLocation="http://www.loc.gov/MARC21/slim http://www.loc.gov/standards/marcxml/schema/MARC21slim.xsd"
    xmlns="http://www.loc.gov/MARC21/slim">

  <leader>01462nam a22003137a 4500</leader>
  <controlfield tag="003">EG-ScBUE</controlfield>
  <controlfield tag="005">20221127101033.0</controlfield>
  <controlfield tag="008">100624s1992    ua     f y    000 0 ara d</controlfield>
  <datafield tag="017" ind1=" " ind2=" ">
    <subfield code="a">93 / 4826</subfield>
  </datafield>
  <datafield tag="020" ind1=" " ind2=" ">
    <subfield code="a">977545400X</subfield>
  </datafield>
  <datafield tag="040" ind1=" " ind2=" ">
    <subfield code="a">EG-ScBUE</subfield>
    <subfield code="b">ara</subfield>
    <subfield code="e">rda</subfield>
    <subfield code="c">EG-ScBUE</subfield>
    <subfield code="d">EG-ScBUE</subfield>
  </datafield>
  <datafield tag="041" ind1="1" ind2=" ">
    <subfield code="a">ara</subfield>
    <subfield code="h">eng</subfield>
  </datafield>
  <datafield tag="082" ind1="0" ind2="4">
    <subfield code="a">301.31</subfield>
    <subfield code="b">&#x628; &#x631; &#x627;</subfield>
    <subfield code="2">22</subfield>
  </datafield>
  <datafield tag="100" ind1="1" ind2=" ">
    <subfield code="9">15175</subfield>
    <subfield code="a">&#x628;&#x631;&#x627;&#x648;&#x646;&#x60C; &#x644;&#x633;&#x62A;&#x631; &#x631;.&#x60C;</subfield>
    <subfield code="d">1934-</subfield>
    <subfield code="e">&#x645;&#x624;&#x644;&#x641;.</subfield>
  </datafield>
  <datafield tag="240" ind1="1" ind2="0">
    <subfield code="a">State of the world 1991.</subfield>
    <subfield code="l">Arabic</subfield>
  </datafield>
  <datafield tag="245" ind1="1" ind2="0">
    <subfield code="a">&#x62A;&#x642;&#x64A;&#x64A;&#x645; 1991 &#x639;&#x646; &#x648;&#x636;&#x639; &#x627;&#x644;&#x639;&#x627;&#x644;&#x645; /</subfield>
    <subfield code="c">&#x62A;&#x623;&#x644;&#x64A;&#x641; &#x644;&#x633;&#x62A;&#x631; &#x631;. &#x628;&#x631;&#x627;&#x648;&#x646; [&#x648;&#x622;&#x62E;&#x631;&#x648;&#x646;] &#x61B; &#x62A;&#x631;&#x62C;&#x645;&#x629; &#x627;&#x644;&#x62F;&#x643;&#x62A;&#x648;&#x631; &#x623;&#x646;&#x648;&#x631; &#x639;&#x628;&#x62F; &#x627;&#x644;&#x648;&#x627;&#x62D;&#x62F;&#x60C; &#x627;&#x644;&#x62F;&#x643;&#x62A;&#x648;&#x631;&#x629; &#x625;&#x646;&#x62C;&#x64A; &#x632;&#x64A;&#x646; &#x627;&#x644;&#x639;&#x627;&#x628;&#x62F;&#x64A;&#x646;.</subfield>
  </datafield>
  <datafield tag="250" ind1=" " ind2=" ">
    <subfield code="a">&#x627;&#x644;&#x637;&#x628;&#x639;&#x629; &#x627;&#x644;&#x639;&#x631;&#x628;&#x64A;&#x629; &#x627;&#x644;&#x623;&#x648;&#x644;&#x649;.</subfield>
  </datafield>
  <datafield tag="264" ind1=" " ind2="1">
    <subfield code="a">&#x627;&#x644;&#x642;&#x627;&#x647;&#x631;&#x629; :</subfield>
    <subfield code="b">&#x627;&#x644;&#x62C;&#x645;&#x639;&#x64A;&#x629; &#x627;&#x644;&#x645;&#x635;&#x631;&#x64A;&#x629; &#x644;&#x646;&#x634;&#x631; &#x627;&#x644;&#x645;&#x639;&#x631;&#x641;&#x629; &#x648;&#x627;&#x644;&#x62B;&#x642;&#x627;&#x641;&#x629; &#x627;&#x644;&#x639;&#x627;&#x644;&#x645;&#x64A;&#x629;&#x60C;</subfield>
    <subfield code="c">1992.</subfield>
  </datafield>
  <datafield tag="300" ind1=" " ind2=" ">
    <subfield code="a">343 &#x635;&#x641;&#x62D;&#x629; &#x61B;</subfield>
    <subfield code="c">24 &#x633;&#x645;</subfield>
  </datafield>
  <datafield tag="500" ind1=" " ind2=" ">
    <subfield code="a">&#x62A;&#x642;&#x631;&#x64A;&#x631; &#x645;&#x639;&#x647;&#x62F; &#x645;&#x631;&#x627;&#x642;&#x628;&#x629; &#x627;&#x644;&#x628;&#x64A;&#x626;&#x629; &#x627;&#x644;&#x639;&#x627;&#x644;&#x645;&#x64A;&#x629; &#x646;&#x62D;&#x648; &#x62A;&#x62D;&#x642;&#x64A;&#x642; &#x627;&#x644;&#x62A;&#x642;&#x62F;&#x645; &#x627;&#x644;&#x645;&#x62A;&#x648;&#x627;&#x635;&#x644; &#x644;&#x644;&#x645;&#x62C;&#x62A;&#x645;&#x639;.</subfield>
  </datafield>
  <datafield tag="541" ind1=" " ind2=" ">
    <subfield code="a">Book from store.</subfield>
  </datafield>
  <datafield tag="546" ind1=" " ind2=" ">
    <subfield code="a">&#x627;&#x644;&#x646;&#x635; &#x628;&#x627;&#x644;&#x644;&#x63A;&#x629; &#x627;&#x644;&#x639;&#x631;&#x628;&#x64A;&#x629; &#x648;&#x62A;&#x645; &#x62A;&#x631;&#x62C;&#x645;&#x62A;&#x647; &#x645;&#x646; &#x627;&#x644;&#x644;&#x63A;&#x629; &#x627;&#x644;&#x625;&#x646;&#x62C;&#x644;&#x64A;&#x632;&#x64A;&#x629;.</subfield>
  </datafield>
  <datafield tag="650" ind1=" " ind2="7">
    <subfield code="a">&#x202A;&#x627;&#x644;&#x628;&#x64A;&#x626;&#x629;</subfield>
    <subfield code="v">&#x202A;&#x643;&#x62A;&#x628; &#x633;&#x646;&#x648;&#x64A;&#x629;.</subfield>
    <subfield code="2">BUEsh</subfield>
  </datafield>
  <datafield tag="653" ind1=" " ind2=" ">
    <subfield code="b">GGEN</subfield>
    <subfield code="c">November2022</subfield>
  </datafield>
  <datafield tag="655" ind1=" " ind2=" ">
    <subfield code="v">Reading book</subfield>
  </datafield>
  <datafield tag="700" ind1="1" ind2=" ">
    <subfield code="a">&#x639;&#x628;&#x62F; &#x627;&#x644;&#x648;&#x627;&#x62D;&#x62F;&#x60C; &#x623;&#x646;&#x648;&#x631;&#x60C;</subfield>
    <subfield code="e">&#x645;&#x62A;&#x631;&#x62C;&#x645;.</subfield>
  </datafield>
  <datafield tag="700" ind1="1" ind2=" ">
    <subfield code="a">&#x632;&#x64A;&#x646; &#x627;&#x644;&#x639;&#x627;&#x628;&#x62F;&#x64A;&#x646;&#x60C; &#x625;&#x646;&#x62C;&#x64A;&#x60C;</subfield>
    <subfield code="e">&#x645;&#x62A;&#x631;&#x62C;&#x645;.</subfield>
  </datafield>
  <datafield tag="942" ind1=" " ind2=" ">
    <subfield code="2">ddc</subfield>
    <subfield code="c">BB</subfield>
  </datafield>
  <datafield tag="999" ind1=" " ind2=" ">
    <subfield code="c">30038</subfield>
    <subfield code="d">30009</subfield>
  </datafield>
  <datafield tag="952" ind1=" " ind2=" ">
    <subfield code="0">0</subfield>
    <subfield code="1">0</subfield>
    <subfield code="2">ddc</subfield>
    <subfield code="4">0</subfield>
    <subfield code="7">0</subfield>
    <subfield code="8">Donation-G</subfield>
    <subfield code="a">MAIN</subfield>
    <subfield code="b">MAIN</subfield>
    <subfield code="c">1ST</subfield>
    <subfield code="d">2022-11-27</subfield>
    <subfield code="e">Donation</subfield>
    <subfield code="o">301.31 &#x628; &#x631; &#x627;</subfield>
    <subfield code="p">000056539</subfield>
    <subfield code="r">2025-07-15 00:00:00</subfield>
    <subfield code="y">REFERENCE</subfield>
  </datafield>
</record>
